000
00278nam a2200121Ia 4500
100
_a
Malvino.A.P
942
_c
BK
654
_a
electronic
245
_a
Electronic instrumentation and fundamentals
260
_b
McGraw Hill
_a
New york
_c
1967
300
_a
465
546
_a
ENGLISH
999
_c
34353
_d
34353